Daňové priznanie k dani z pridanej hodnoty, kontrolný výkaz k dani z pridanej hodnoty a súhrnný výkaz k dani z pridanej hodnoty - zmeny s účinnosťou od 1. januára 2018

Daňové priznania od 1. januára 2018.

Gespeichert in:
Bibliographische Detailangaben
1. Verfasser: Kováčik, Michal, 1983-
Format: Buchkapitel
Sprache:Slowakisch
Schlagworte:
Tags: Tag hinzufügen
Keine Tags, Fügen Sie das erste Tag hinzu!

MARC

LEADER 00000naa a2200000 4500
001 0240789
005 20180302070122.3
041 0 |a slo 
044 |a SK 
245 1 0 |a Daňové priznanie k dani z pridanej hodnoty, kontrolný výkaz k dani z pridanej hodnoty a súhrnný výkaz k dani z pridanej hodnoty - zmeny s účinnosťou od 1. januára 2018  |c Michal Kováčik 
520 |a Daňové priznania od 1. januára 2018. 
610 2 0 |a priznania daňové 
610 2 0 |a zákony 
610 2 0 |a novelizácia 
610 2 0 |a dane z hodnoty pridanej 
610 2 0 |a Slovensko 
610 2 0 |a výkazy finančné 
100 1 |a Kováčik, Michal, 1983-